000
00233 a2200097 4500
001
45399
100
_a
Glendinning E
245
_a
English in mechanical engineering
260
_a
Oxford
_b
Oxford university
_c
090
_c
28563
_d
28563
942
_a
NUST-CAE
_c
M
_c
20628
999
_c
280472
_d
280472